000 00308nam a22001337a 4500
003 SGT
082 _a616.692
_bG04S
100 _aSERHAL, PAUL
245 _aGOOD CLINICAL PRACTICE IN ASSISTED REPRODUCTION
260 _aINDIA
_bCAMBRIDGE
_c2004
300 _a348
650 _aRADIOLOGY
942 _2ddc
_cBK
999 _c14588
_d14588